Diseño General de una Maquina Perfo-abonadora del Subsuelo
El presente trabajo trata sobre el diseño de una máquina perfo-abonadora de subsuelo para darle al cultivo de tempate mejores condiciones de desarrollo. Aborda la selección del mecanismo de perforación de la perfo-abonadora del subsuelo, selección del mecanismo distribuidor del abono, selecció...
| Main Author: | |
|---|---|
| Other Authors: | |
| Format: | Tesis Section = Libro |
| Language: | Undetermined Spanish |
| Published: |
Managua
UNI
1997
|
| Subjects: |
| LEADER | 01230nam a2200241Ia 4500 | ||
|---|---|---|---|
| 008 | 240830s9999 xx 000 0 und d | ||
| 040 | |a BIBLIOTECA-RUPAP MON 621.815 G643 | ||
| 041 | |a spa | ||
| 082 | |a MON 621.815 G643 | ||
| 100 | 1 | |a González Murillo, Manuel | |
| 245 | 1 | 0 | |a Diseño General de una Maquina Perfo-abonadora del Subsuelo |
| 260 | |a Managua |b UNI |c 1997 | ||
| 300 | |a 161 p. :il. | ||
| 500 | |a Figuras, Fotos y planos | ||
| 502 | |a Tesis (Ingeniero Agrícola)- UNI, 1997. | ||
| 520 | 3 | |a El presente trabajo trata sobre el diseño de una máquina perfo-abonadora de subsuelo para darle al cultivo de tempate mejores condiciones de desarrollo. Aborda la selección del mecanismo de perforación de la perfo-abonadora del subsuelo, selección del mecanismo distribuidor del abono, selección del barreno más adecuado, selección del compresor y el análisis de comparación económica entre la perfo-abonadora, el sub soleador convencional y mecanismos de funcionamiento de la máquina perfo-abonador. | |
| 650 | 7 | |a DISEÑO DE MAQUINAS | |
| 650 | 7 | |b MAQUINARIA AGRICOLA | |
| 650 | 7 | |c HERAMIENTAS NEUMATICAS | |
| 700 | 1 | |a Tutor: |b Sonzini Meroi, Luis E. | |
| 942 | |c BK |2 ddc | ||
| 991 | |a TESIS | ||
| 999 | |c 15808 | ||